Water-resources engineering (Record no. 533149)
[ view plain ]
| 000 -LEADER | |
|---|---|
| fixed length control field | 00908cam a2200265 4500 |
| 001 - CONTROL NUMBER | |
| control field | 1726593 |
| 005 - DATE AND TIME OF LATEST TRANSACTION | |
| control field | 20191212200752.0 |
| 008 - FIXED-LENGTH DATA ELEMENTS--GENERAL INFORMATION | |
| fixed length control field | 711115s1971 nyua b 001 0 eng |
| 010 ## - LIBRARY OF CONGRESS CONTROL NUMBER | |
| LC control number | 73150779 |
| 020 ## - INTERNATIONAL STANDARD BOOK NUMBER | |
| International Standard Book Number | 0070379599 |
| 040 ## - CATALOGING SOURCE | |
| Original cataloging agency | DLC |
| Transcribing agency | DLC |
| Modifying agency | DLC |
| 082 00 - DEWEY DECIMAL CLASSIFICATION NUMBER | |
| Classification number | 627 |
| Author Mark | LIN |
| 100 1# - MAIN ENTRY--PERSONAL NAME | |
| Personal name | Linsley, Ray K. |
| 9 (RLIN) | 2147 |
| 240 10 - UNIFORM TITLE | |
| Uniform title | Elements of hydraulic engineering |
| 245 10 - TITLE STATEMENT | |
| Title | Water-resources engineering |
| Statement of responsibility, etc. | [by] Ray K. Linsley [and] Joseph B. Franzini. |
| 250 ## - EDITION STATEMENT | |
| Edition statement | 2d ed. |
| 260 ## - PUBLICATION, DISTRIBUTION, ETC. | |
| Place of publication, distribution, etc. | New York, |
| Name of publisher, distributor, etc. | McGraw-Hill |
| Date of publication, distribution, etc. | [1971, c1972] |
| 300 ## - PHYSICAL DESCRIPTION | |
| Extent | xi, 690 p. |
| Other physical details | illus. |
| Dimensions | 24 cm. |
| 490 0# - SERIES STATEMENT | |
| Series statement | McGraw-Hill series in water resources and environmental engineering |
| 500 ## - GENERAL NOTE | |
| General note | Originally published in 1955 under title: Elements of hydraulic engineering. |
| 504 ## - BIBLIOGRAPHY, ETC. NOTE | |
| Bibliography, etc. note | Includes bibliographies. |
| 650 #0 - SUBJECT ADDED ENTRY--TOPICAL TERM | |
| Topical term or geographic name entry element | Hydraulic engineering. |
| 9 (RLIN) | 3526 |
| 650 #0 - SUBJECT ADDED ENTRY--TOPICAL TERM | |
| Topical term or geographic name entry element | Water resources development. |
| 9 (RLIN) | 26892 |
| 942 ## - ADDED ENTRY ELEMENTS (KOHA) | |
| Source of classification or shelving scheme | |
| Koha item type | Book |
| Withdrawn status | Lost status | Source of classification or shelving scheme | Damaged status | Not for loan | Permanent Location | Current Location | Date acquired | Total Checkouts | Full call number | Barcode | Date last seen | Date last checked out | Price effective from | Koha item type |
|---|---|---|---|---|---|---|---|---|---|---|---|---|---|---|
| School of Civil and Environmental Engineering (SCEE) | School of Civil and Environmental Engineering (SCEE) | 12/12/2019 | 1 | 627 LIN | NIT-1032 | 08/13/2021 | 12/12/2019 | 12/12/2019 | Book |
